| 000 | 00882nam a2200289 i 4500 | ||
|---|---|---|---|
| 001 | 000013625 | ||
| 003 | DO-SdBNP | ||
| 005 | 20240521193438.0 | ||
| 007 | ta | ||
| 008 | 091126s1986 dr r 000 0 spa d | ||
| 040 |
_aDO-SdBNP _bspa _cBNPHU _erda |
||
| 082 | 4 |
_222 _a342 _bA516n, 1986 |
|
| 100 | 1 |
_aAmiama, Manuel A. _d1899-1991 _eautor _98438 |
|
| 245 | 1 | 0 |
_aNotas de derecho constitucional / _cManuel A. Amiama. |
| 250 | _a5a edición | ||
| 264 |
_aSanto Domingo : _bTiempo, _c1986. |
||
| 300 |
_a236 páginas ; _c22 cm. |
||
| 336 |
_2rdacontent _atexto _btxt |
||
| 337 |
_2rdamedia _asin mediación _bn |
||
| 338 |
_2rdacarrier _avolumen _bnc |
||
| 490 |
_aEstudios jurídicos _v4 |
||
| 504 | _aBibliografía : p. 235-236 | ||
| 590 | _aInventariado, 2018/BT | ||
| 650 | 1 | 0 |
_aDerecho constitucional _910314 |
| 910 | _aValidado. Control de calidad. MFF | ||
| 942 |
_2ddc _cLBS1 |
||
| 999 |
_c13239 _d13239 |
||